[Event "World Senior chT-65 2019"]
[Site "Rhodes"]
[Date "2019.04.19"]
[Round "4.2"]
[White "Rantanen, Yrjo A."]
[Black "Karasev, Vladimir I"]
[Result "1-0"]
[WhiteElo "2283"]
[BlackElo "2281"]
[PlyCount "129"]
[EventDate "2019.04.16"]
[EventType "team-tourn"]
[EventCountry "GRE"]
[TimeControl "40/5400+30:1800+30"]

1. e4 {[%emt 0:00:00]} c5 {[%emt 0:00:00]} 2. Nf3 {[%emt 0:00:00]} e6 {[%emt 0:00:00]} 3. c3 {[%emt 0:00:00]} d5 {[%emt 0:04:52]} 4. e5 {[%emt 0:00:12]} Nc6 {[%emt 0:06:59]} 5. d4 {[%emt 0:00:32]} Nge7 {[%emt 0:01:48]} 6. Bd3 {[%emt 0:04:52]} Nf5 {[%emt 0:02:03]} 7. Bxf5 {[%emt 0:08:16]} exf5 {[%emt 0:00:02]} 8. O-O {[%emt 0:00:43]} Be6 {[%emt 0:01:28]} 9. dxc5 {[%emt 0:01:29]} Bxc5 {[%emt 0:00:04]} 10. Nbd2 {[%emt 0:00:12]} O-O {[%emt 0:03:23]} 11. Nb3 {[%emt 0:00:19]} Bb6 {[%emt 0:00:31]} 12. Re1 {[%emt 0:00:32]} Re8 {[%emt 0:02:25]} 13. Bg5 {[%emt 0:02:44]} Qc7 {[%emt 0:10:33]} 14. a4 {[%emt 0:04:50]} h6 {[%emt 0:02:53]} 15. Bf4 {[%emt 0:01:01]} a6 {[%emt 0:17:33]} 16. Qd2 {[%emt 0:10:46]} Kh7 {[%emt 0:00:16]} 17. Be3 {[%emt 0:03:03]} Bxe3 {[%emt 0:05:58]} 18. Qxe3 {[%emt 0:00:21]} Rad8 {[%emt 0:06:13]} 19. Nbd4 {[%emt 0:07:04]} Bc8 {[%emt 0:01:05]} 20. Nxc6 {[%emt 0:00:19]} Qxc6 {[%emt 0:01:42]} 21. a5 {[%emt 0:02:02]} g5 {[%emt 0:05:38]} 22. Nd4 {[%emt 0:05:24]} Qg6 {[%emt 0:00:04]} 23. f4 {[%emt 0:00:35]} Re7 {[%emt 0:05:31]} 24. Ra4 {[%emt 0:08:04]} f6 {[%emt 0:07:01]} 25. e6 {[%emt 0:05:39]} Rde8 {[%emt 0:01:34]} 26. Rb4 {[%emt 0:00:50]} gxf4 {[%emt 0:06:44]} 27. Qxf4 {[%emt 0:04:01]} Bxe6 {[%emt 0:01:37]} 28. Rxe6 {[%emt 0:01:49]} Rxe6 {[%emt 0:00:03]} 29. Nxe6 {[%emt 0:00:14]} Rxe6 {[%emt 0:00:30]} 30. Rxb7+ {[%emt 0:00:11]} Kg8 {[%emt 0:00:22]} 31. Kf2 {[%emt 0:02:11]} Re8 {[%emt 0:03:28]} 32. Rb8 {[%emt 0:02:49]} Qf7 {[%emt 0:01:59]} 33. Rxe8+ {[%emt 0:00:18]} Qxe8 {[%emt 0:00:02]} 34. Qxf5 {[%emt 0:00:12]} Qf7 {[%emt 0:00:59]} 35. Qc8+ {[%emt 0:00:15]} Kg7 {[%emt 0:00:03]} 36. Qxa6 {[%emt 0:00:09]} Qc7 {[%emt 0:00:19]} 37. g3 {[%emt 0:00:25]} Qc5+ {[%emt 0:00:27]} 38. Kg2 {[%emt 0:00:52]} Qe7 {[%emt 0:00:59]} 39. Qd3 {[%emt 0:00:28]} Qb7 {[%emt 0:00:11]} 40. b4 {[%emt 0:00:00]} d4+ {[%emt 0:00:00]} 41. Qf3 {[%emt 0:04:28]} Qd7 {[%emt 0:05:17]} 42. cxd4 {[%emt 0:00:34]} Qxd4 {[%emt 0:00:04]} 43. a6 {[%emt 0:01:38]} h5 {[%emt 0:02:46]} 44. Qxh5 {[%emt 0:05:58]} Qxb4 {[%emt 0:02:06]} 45. Qe2 {[%emt 0:02:14]} Qa4 {[%emt 0:02:40]} 46. h4 {[%emt 0:02:08]} Qc6+ {[%emt 0:07:48]} 47. Kh2 {[%emt 0:00:20]} Qa4 {[%emt 0:01:06]} 48. Kh3 {[%emt 0:04:31]} Qa1 {[%emt 0:01:29]} 49. Qd3 {[%emt 0:04:38]} Qh1+ {[%emt 0:01:37]} 50. Kg4 {[%emt 0:00:02]} Qa1 {[%emt 0:01:27]} 51. h5 {[%emt 0:02:13]} Qa4+ {[%emt 0:01:17]} 52. Kh3 {[%emt 0:08:29]} Qa1 {[%emt 0:00:31]} 53. Kg2 {[%emt 0:04:04]} Qa2+ {[%emt 0:02:24]} 54. Kf3 {[%emt 0:09:56]} Qa1 {[%emt 0:00:12]} 55. g4 {[%emt 0:01:29]} Qh1+ {[%emt 0:00:40]} 56. Kf2 {[%emt 0:01:00]} Qh2+ {[%emt 0:00:20]} 57. Ke1 {[%emt 0:00:37]} Qe5+ {[%emt 0:01:33]} 58. Qe2 {[%emt 0:00:58]} Qd4 {[%emt 0:02:13]} 59. Qe7+ {[%emt 0:04:02]} Kh6 {[%emt 0:00:27]} 60. a7 {[%emt 0:00:32]} Qa1+ {[%emt 0:01:19]} 61. Kf2 {[%emt 0:00:28]} Qa2+ {[%emt 0:02:09]} 62. Kg3 {[%emt 0:01:13]} Qb3+ {[%emt 0:01:22]} 63. Kh4 {[%emt 0:01:04]} Qb2 {[%emt 0:01:47]} 64. g5+ {[%emt 0:00:26]} fxg5+ {[%emt 0:00:04]} 65. Qxg5+ {[%emt 0:00:13]} 1-0

[Event "World Senior chT-65 2019"]
[Site "Rhodes"]
[Date "2019.04.19"]
[Round "4.3"]
[White "Shushpanov, Vladimir"]
[Black "Hurme, Harri"]
[Result "1-0"]
[WhiteElo "2180"]
[BlackElo "2148"]
[PlyCount "135"]
[EventDate "2019.04.16"]
[EventType "team-tourn"]
[EventCountry "GRE"]
[TimeControl "40/5400+30:1800+30"]

1. d4 {[%emt 0:00:00]} Nf6 {[%emt 0:00:00]} 2. c4 {[%emt 0:00:00]} g6 {[%emt 0:00:00]} 3. Nc3 {[%emt 0:00:01]} d5 {[%emt 0:00:00]} 4. Nf3 {[%emt 0:00:12]} Bg7 {[%emt 0:00:00]} 5. Bg5 {[%emt 0:00:09]} Ne4 {[%emt 0:00:42]} 6. cxd5 {[%emt 0:00:10]} Nxg5 {[%emt 0:00:07]} 7. Nxg5 {[%emt 0:00:08]} e6 {[%emt 0:00:34]} 8. Nf3 {[%emt 0:00:10]} exd5 {[%emt 0:00:15]} 9. e3 {[%emt 0:00:07]} O-O {[%emt 0:01:45]} 10. b4 {[%emt 0:00:18]} a6 {[%emt 0:05:30]} 11. Bd3 {[%emt 0:02:13]} Nc6 {[%emt 0:02:23]} 12. a3 {[%emt 0:06:09]} Ne7 {[%emt 0:00:46]} 13. Qb3 {[%emt 0:04:50]} c6 {[%emt 0:01:02]} 14. a4 {[%emt 0:07:03]} Bf5 {[%emt 0:02:00]} 15. Bxf5 {[%emt 0:01:02]} Nxf5 {[%emt 0:00:03]} 16. a5 {[%emt 0:00:54]} Qe7 {[%emt 0:06:01]} 17. O-O {[%emt 0:00:24]} Nd6 {[%emt 0:01:54]} 18. Nd2 {[%emt 0:05:26]} h5 {[%emt 0:03:10]} 19. Na4 {[%emt 0:00:43]} Kh7 {[%emt 0:01:18]} 20. Nc5 {[%emt 0:01:02]} f5 {[%emt 0:02:08]} 21. f4 {[%emt 0:07:58]} Bf6 {[%emt 0:04:41]} 22. Nf3 {[%emt 0:06:52]} Rae8 {[%emt 0:03:50]} 23. Ne5 {[%emt 0:04:16]} g5 {[%emt 0:05:16]} 24. Qd3 {[%emt 0:06:24]} Bxe5 {[%emt 0:05:24]} 25. fxe5 {[%emt 0:02:19]} Ne4 {[%emt 0:00:12]} 26. Rf3 {[%emt 0:03:19]} Kg6 {[%emt 0:04:44]} 27. Raf1 {[%emt 0:01:20]} Nxc5 {[%emt 0:00:58]} 28. bxc5 {[%emt 0:00:26]} Qe6 {[%emt 0:00:21]} 29. h3 {[%emt 0:01:13]} h4 {[%emt 0:01:01]} 30. g4 {[%emt 0:06:30]} hxg3 {[%emt 0:00:11]} 31. Rxg3 {[%emt 0:00:13]} Rh8 {[%emt 0:00:53]} 32. Rf4 {[%emt 0:01:35]} Rh5 {[%emt 0:02:11]} 33. h4 {[%emt 0:05:33]} Reh8 {[%emt 0:01:18]} 34. Rfg4 {[%emt 0:02:04]} Kh6 {[%emt 0:06:38]} 35. Rxg5 {[%emt 0:02:53]} Rxg5 {[%emt 0:00:06]} 36. Rxg5 {[%emt 0:01:32]} Rg8 {[%emt 0:00:07]} 37. Qb1 {[%emt 0:02:14]} Rxg5+ {[%emt 0:01:12]} 38. hxg5+ {[%emt 0:00:09]} Kxg5 {[%emt 0:00:14]} 39. Qxb7 {[%emt 0:00:34]} f4 {[%emt 0:00:33]} 40. Qg7+ {[%emt 0:00:00]} Kf5 {[%emt 0:00:00]} 41. Qf8+ {[%emt 0:03:03]} Ke4 {[%emt 0:02:28]} 42. Qxf4+ {[%emt 0:00:12]} Kd3 {[%emt 0:00:06]} 43. Kf2 {[%emt 0:01:22]} Qh3 {[%emt 0:03:06]} 44. Qg3 {[%emt 0:01:01]} Qh6 {[%emt 0:00:44]} 45. Qf4 {[%emt 0:01:16]} Qh3 {[%emt 0:00:09]} 46. Qg5 {[%emt 0:02:13]} Qh2+ {[%emt 0:01:05]} 47. Kf3 {[%emt 0:00:25]} Qh3+ {[%emt 0:03:23]} 48. Qg3 {[%emt 0:05:23]} Qf5+ {[%emt 0:00:59]} 49. Kg2 {[%emt 0:00:43]} Ke2 {[%emt 0:01:36]} 50. Qf4 {[%emt 0:00:48]} Qg6+ {[%emt 0:00:27]} 51. Kh3 {[%emt 0:00:18]} Qh5+ {[%emt 0:01:50]} 52. Kg3 {[%emt 0:00:30]} Qe8 {[%emt 0:04:25]} 53. Qh6 {[%emt 0:03:18]} Qg8+ {[%emt 0:02:08]} 54. Kh4 {[%emt 0:01:17]} Qg2 {[%emt 0:04:18]} 55. Qf4 {[%emt 0:02:53]} Kd3 {[%emt 0:01:21]} 56. e6 {[%emt 0:01:51]} Qg6 {[%emt 0:01:21]} 57. Qf7 {[%emt 0:02:38]} Qe4+ {[%emt 0:02:21]} 58. Kh5 {[%emt 0:00:11]} Qxe3 {[%emt 0:07:29]} 59. e7 {[%emt 0:00:48]} Qh3+ {[%emt 0:01:17]} 60. Kg6 {[%emt 0:00:40]} Qg4+ {[%emt 0:01:06]} 61. Kh7 {[%emt 0:01:46]} Qh4+ {[%emt 0:01:04]} 62. Kg8 {[%emt 0:00:23]} Qg4+ {[%emt 0:01:22]} 63. Kf8 {[%emt 0:00:26]} Qxd4 {[%emt 0:01:34]} 64. Qf1+ {[%emt 0:01:11]} Kc2 {[%emt 0:00:32]} 65. e8=Q {[%emt 0:00:36]} Qxc5+ {[%emt 0:01:18]} 66. Kg8 {[%emt 0:00:41]} d4 {[%emt 0:01:36]} 67. Qee2+ {[%emt 0:00:31]} Kb3 {[%emt 0:00:16]} 68. Qb1+ {[%emt 0:00:41]} 1-0

[Event "World Senior chT-65 2019"]
[Site "Rhodes"]
[Date "2019.04.19"]
[Round "4.4"]
[White "Kivimaki, Jaakko"]
[Black "Blechzin, Igor"]
[Result "1-0"]
[WhiteElo "2165"]
[BlackElo "2210"]
[PlyCount "65"]
[EventDate "2019.04.16"]
[EventType "team-tourn"]
[EventCountry "GRE"]
[TimeControl "40/5400+30:1800+30"]

1. Nf3 {[%emt 0:00:00]} Nf6 {[%emt 0:01:16]} 2. d4 {[%emt 0:00:00]} e6 {[%emt 0:00:26]} 3. Bg5 {[%emt 0:00:00]} d5 {[%emt 0:01:40]} 4. Nbd2 {[%emt 0:00:22]} c5 {[%emt 0:02:07]} 5. e3 {[%emt 0:00:08]} Nc6 {[%emt 0:00:52]} 6. c3 {[%emt 0:00:16]} Be7 {[%emt 0:01:50]} 7. Bd3 {[%emt 0:00:10]} b6 {[%emt 0:03:05]} 8. O-O {[%emt 0:00:32]} Qc7 {[%emt 0:04:36]} 9. Re1 {[%emt 0:19:23]} O-O {[%emt 0:03:28]} 10. Bf4 {[%emt 0:05:18]} Bd6 {[%emt 0:04:54]} 11. Bxd6 {[%emt 0:02:15]} Qxd6 {[%emt 0:00:53]} 12. e4 {[%emt 0:00:19]} dxe4 {[%emt 0:01:47]} 13. Nxe4 {[%emt 0:00:24]} Nxe4 {[%emt 0:09:56]} 14. Rxe4 {[%emt 0:00:52]} f5 {[%emt 0:08:42]} 15. Rh4 {[%emt 0:09:29]} Qe7 {[%emt 0:03:50]} 16. dxc5 {[%emt 0:03:18]} bxc5 {[%emt 0:00:30]} 17. Qa4 {[%emt 0:05:26]} Bb7 {[%emt 0:02:59]} 18. Re1 {[%emt 0:07:58]} e5 {[%emt 0:16:08]} 19. Bb5 {[%emt 0:12:57]} Nd4 {[%emt 0:17:19]} 20. cxd4 {[%emt 0:00:40]} Bxf3 {[%emt 0:00:08]} 21. dxe5 {[%emt 0:01:04]} Qg5 {[%emt 0:02:29]} 22. g3 {[%emt 0:02:09]} Qd2 {[%emt 0:01:33]} 23. Qc4+ {[%emt 0:04:18]} Kh8 {[%emt 0:01:56]} 24. Qc1 {[%emt 0:00:24]} Qd5 {[%emt 0:00:46]} 25. Bc4 {[%emt 0:01:50]} Qc6 {[%emt 0:00:26]} 26. Bf1 {[%emt 0:00:48]} Rae8 {[%emt 0:01:38]} 27. Rc4 {[%emt 0:00:47]} Qd5 {[%emt 0:01:27]} 28. Rxc5 {[%emt 0:00:47]} Qxa2 {[%emt 0:00:04]} 29. Qc3 {[%emt 0:00:33]} Ba8 {[%emt 0:05:14]} 30. Bc4 {[%emt 0:01:16]} Qa4 {[%emt 0:00:09]} 31. Bb5 {[%emt 0:00:11]} Qg4 {[%emt 0:00:44]} 32. Bxe8 {[%emt 0:00:14]} Rxe8 {[%emt 0:00:19]} 33. Rc8 {[%emt 0:00:19]} 1-0

[Event "World Senior chT-65 2019"]
[Site "Rhodes"]
[Date "2019.04.19"]
[Round "4.5"]
[White "Sveshnikov, Evgeny"]
[Black "Knaak, Rainer"]
[Result "1-0"]
[WhiteElo "2481"]
[BlackElo "2482"]
[Annotator "RC"]
[PlyCount "67"]
[EventDate "2019.04.16"]
[EventType "team-tourn"]
[EventCountry "GRE"]

{[%evp 14,67,16,0,45,14,20,27,12,22,20,24,11,14,14,12,143,131,166,52,218,222,210,149,154,158,158,167,208,215,209,185,193,209,231,225,235,234,248,253,254,228,208,214,292,237,278,271,259,266,301,295,321,318,460,458]} 1. e4 e6 2. d4 d5 3. Nc3 Nf6 4. Bg5 dxe4 5. Nxe4 Be7 6. Bxf6 gxf6 7. Nf3 f5 8. Nc3 a6 {C13: French: Classical System: 4 Bg5 Be7, Alekhine-Chatard Attack} 9. g3 (9. Qd2 b5 10. O-O-O b4 11. Na4 Qd5 12. b3 Bd7 13. Bc4 Qd6 14. d5 e5 15. Rhe1 e4 16. Nd4 {1-0 (40) Carlsen,M (2832)-Grischuk,A (2750) chess.com INT 2017}) 9... b5 10. Bg2 {aiming for Ne5.} Bb7 {White has an edge.} 11. O-O O-O 12. Ne5 Bxg2 13. Kxg2 c5 14. d5 $36 {[%mdl 2048] White is pushing.} Qd6 $146 (14... Bf6 $11 {keeps the balance.} 15. f4 Bxe5 16. fxe5 Nd7) ({Predecessor:} 14... Bf6 15. Re1 {½-½ (41) Benderac,S (2320)-Draganic,V (2268) Cetinje 2010}) 15. Re1 $16 Bf6 {[#]} 16. f4 (16. Nxf7 $1 $18 Rxf7 17. dxe6 {[%mdl 64] Discovered Attack} Qc6+ 18. Nd5) 16... b4 $2 (16... Qc7 $14) 17. dxe6 $18 Bxe5 18. e7 (18. Rxe5 Qc6+ 19. Ne4 fxe6 $11) 18... Re8 19. Rxe5 Qxd1 20. Nxd1 Nd7 21. Re1 Nb6 22. Ne3 Rxe7 23. Nxf5 Rxe1 24. Rxe1 {[%mdl 4096] Endgame KRN-KRN} Kf8 25. Kf3 Na4 26. b3 Nc3 27. Re5 Rc8 28. Nd6 Rc6 29. Ne4 c4 {[#]} 30. Rc5 $1 {[%cal Rc5c6]} Rxc5 31. Nxc5 a5 32. Nd7+ ({Less strong is} 32. bxc4 Ke7 $16) 32... Kg7 33. Ne5 ({Not} 33. bxc4 Nxa2 34. c5 Nc3 $18) 33... a4 (33... cxb3 {was worth a try.} 34. axb3 Kf6) 34. bxa4 {Accuracy: White = 70%, Black = 44%.} 1-0

[Event "World Senior chT-65 2019"]
[Site "Rhodes"]
[Date "2019.04.19"]
[Round "4.6"]
[White "Vogt, Lothar"]
[Black "Balashov, Yuri S"]
[Result "1/2-1/2"]
[WhiteElo "2362"]
[BlackElo "2470"]
[PlyCount "28"]
[EventDate "2019.04.16"]
[EventType "team-tourn"]
[EventCountry "GRE"]

{[%evp 13,28,1,8,10,10,12,14,0,0,0,0,3,20,25,20,27,27]} 1. e4 e5 2. Nf3 Nc6 3. Bb5 a6 4. Ba4 Nf6 5. Bxc6 dxc6 6. d3 Nd7 7. Nbd2 Bd6 8. O-O {C77: Ruy Lopez: 3...a6 4 Ba4 Nf6, unusual lines} O-O 9. Nc4 Re8 10. d4 {The position is equal.} exd4 11. Nxd6 cxd6 12. Qxd4 Ne5 $146 ({Predecessor:} 12... Qf6 13. Rd1 Qxd4 14. Rxd4 Nf6 15. Rxd6 Nxe4 16. Rd3 Be6 {½-½ (16) Sevillano,E (2498)-Mikhalevski,V (2548) Burbank 2003}) 13. Nxe5 dxe5 14. Qxd8 Rxd8 1/2-1/2

[Event "World Senior chT-65 2019"]
[Site "Rhodes"]
[Date "2019.04.19"]
[Round "4.7"]
[White "Rashkovsky, Nukhim N"]
[Black "Kiefer, Gerhard"]
[Result "1/2-1/2"]
[WhiteElo "2488"]
[BlackElo "2279"]
[PlyCount "73"]
[EventDate "2019.04.16"]
[EventType "team-tourn"]
[EventCountry "GRE"]
[TimeControl "40/5400+30:1800+30"]

1. d4 {[%emt 0:00:00]} Nf6 {[%emt 0:00:00]} 2. Nf3 {[%emt 0:00:00]} g6 {[%emt 0:00:00]} 3. g3 {[%emt 0:00:54]} Bg7 {[%emt 0:00:00]} 4. Bg2 {[%emt 0:00:05]} O-O {[%emt 0:00:00]} 5. O-O {[%emt 0:00:05]} d6 {[%emt 0:00:00]} 6. a4 {[%emt 0:01:50]} a5 {[%emt 0:00:39]} 7. Re1 {[%emt 0:00:55]} Nc6 {[%emt 0:01:29]} 8. e4 {[%emt 0:15:22]} e5 {[%emt 0:00:55]} 9. d5 {[%emt 0:02:14]} Nb4 {[%emt 0:00:42]} 10. Na3 {[%emt 0:03:37]} Ne8 {[%emt 0:08:32]} 11. c3 {[%emt 0:05:30]} Na6 {[%emt 0:00:11]} 12. Nc4 {[%emt 0:00:11]} b6 {[%emt 0:00:42]} 13. Bd2 {[%emt 0:04:11]} Bd7 {[%emt 0:27:07]} 14. b4 {[%emt 0:00:51]} axb4 {[%emt 0:00:08]} 15. cxb4 {[%emt 0:00:01]} h6 {[%emt 0:18:25]} 16. a5 {[%emt 0:30:25]} b5 {[%emt 0:00:24]} 17. Na3 {[%emt 0:00:12]} Kh7 {[%emt 0:01:28]} 18. Qe2 {[%emt 0:08:02]} Rb8 {[%emt 0:00:23]} 19. Rac1 {[%emt 0:00:15]} f5 {[%emt 0:02:10]} 20. exf5 {[%emt 0:00:44]} gxf5 {[%emt 0:00:20]} 21. Nc2 {[%emt 0:01:08]} Qf6 {[%emt 0:13:55]} 22. Bc3 {[%emt 0:01:21]} Qf7 {[%emt 0:00:19]} 23. Rcd1 {[%emt 0:00:36]} Nf6 {[%emt 0:00:19]} 24. Nh4 {[%emt 0:00:49]} e4 {[%emt 0:02:17]} 25. Ne3 {[%emt 0:00:54]} f4 {[%emt 0:03:51]} 26. gxf4 {[%emt 0:02:53]} Rbe8 {[%emt 0:00:08]} 27. Nhf5 {[%emt 0:04:28]} Bh8 {[%emt 0:00:48]} 28. Ng3 {[%emt 0:00:34]} Rg8 {[%emt 0:01:16]} 29. Qc2 {[%emt 0:03:44]} h5 {[%emt 0:05:53]} 30. h4 {[%emt 0:00:05]} Qg6 {[%emt 0:04:17]} 31. Kf1 {[%emt 0:02:30]} Kh6 {[%emt 0:01:46]} 32. Qd2 {[%emt 0:04:27]} Kh7 {[%emt 0:00:32]} 33. Qc2 {[%emt 0:00:27]} Kh6 {[%emt 0:00:05]} 34. Bxf6 {[%emt 0:04:15]} Qxf6 {[%emt 0:01:17]} 35. Nxe4 {[%emt 0:00:18]} Qxf4 {[%emt 0:01:16]} 36. Ng5 {[%emt 0:00:21]} Rg6 {[%emt 0:01:16]} 37. Ne6 {[%emt 0:00:30]} 1/2-1/2

[Event "World Senior chT-65 2019"]
[Site "Rhodes"]
[Date "2019.04.19"]
[Round "4.8"]
[White "Buchal, Stephan"]
[Black "Pushkov, Nikolai"]
[Result "1-0"]
[WhiteElo "2283"]
[BlackElo "2295"]
[PlyCount "157"]
[EventDate "2019.04.16"]
[EventType "team-tourn"]
[EventCountry "GRE"]
[TimeControl "40/5400+30:1800+30"]

1. c4 {[%emt 0:00:00]} e6 {[%emt 0:00:00]} 2. g3 {[%emt 0:00:00]} Nf6 {[%emt 0:00:07]} 3. Bg2 {[%emt 0:00:00]} d5 {[%emt 0:00:08]} 4. Nf3 {[%emt 0:00:05]} Be7 {[%emt 0:00:44]} 5. O-O {[%emt 0:00:16]} O-O {[%emt 0:00:16]} 6. b3 {[%emt 0:00:13]} b6 {[%emt 0:01:01]} 7. Bb2 {[%emt 0:00:44]} Bb7 {[%emt 0:00:18]} 8. e3 {[%emt 0:00:38]} Nbd7 {[%emt 0:03:17]} 9. Nc3 {[%emt 0:02:15]} Ne4 {[%emt 0:03:05]} 10. cxd5 {[%emt 0:03:08]} exd5 {[%emt 0:02:43]} 11. Ne2 {[%emt 0:02:55]} Bf6 {[%emt 0:01:06]} 12. Qc2 {[%emt 0:03:33]} Bxb2 {[%emt 0:09:49]} 13. Qxb2 {[%emt 0:00:25]} c5 {[%emt 0:01:14]} 14. Rfd1 {[%emt 0:10:41]} Qf6 {[%emt 0:03:09]} 15. Qxf6 {[%emt 0:05:13]} Ndxf6 {[%emt 0:00:15]} 16. d3 {[%emt 0:14:01]} Nd6 {[%emt 0:01:11]} 17. d4 {[%emt 0:05:47]} c4 {[%emt 0:02:07]} 18. Ne5 {[%emt 0:02:13]} Rac8 {[%emt 0:05:51]} 19. bxc4 {[%emt 0:13:31]} Nxc4 {[%emt 0:00:23]} 20. Nf4 {[%emt 0:03:01]} g5 {[%emt 0:08:38]} 21. Nfd3 {[%emt 0:02:07]} Na3 {[%emt 0:00:09]} 22. Bh3 {[%emt 0:07:47]} Rc2 {[%emt 0:10:32]} 23. Rdc1 {[%emt 0:03:19]} Bc8 {[%emt 0:04:32]} 24. Bg2 {[%emt 0:03:50]} Be6 {[%emt 0:07:28]} 25. Nb4 {[%emt 0:02:04]} Rcc8 {[%emt 0:03:38]} 26. Bf1 {[%emt 0:03:44]} Nc4 {[%emt 0:02:13]} 27. Nxc4 {[%emt 0:03:13]} dxc4 {[%emt 0:00:04]} 28. Bg2 {[%emt 0:00:14]} a5 {[%emt 0:01:51]} 29. Nc6 {[%emt 0:00:26]} Rc7 {[%emt 0:00:02]} 30. Rab1 {[%emt 0:01:21]} Rfc8 {[%emt 0:04:56]} 31. Rxb6 {[%emt 0:01:13]} Nd5 {[%emt 0:00:13]} 32. Bxd5 {[%emt 0:01:37]} Bxd5 {[%emt 0:00:02]} 33. Nxa5 {[%emt 0:00:41]} g4 {[%emt 0:02:55]} 34. Kf1 {[%emt 0:02:00]} c3 {[%emt 0:01:59]} 35. Ke2 {[%emt 0:01:27]} Ra8 {[%emt 0:02:15]} 36. Rb5 {[%emt 0:00:39]} Bf3+ {[%emt 0:00:09]} 37. Kd3 {[%emt 0:00:39]} Rca7 {[%emt 0:00:07]} 38. Nc4 {[%emt 0:02:11]} Rxa2 {[%emt 0:00:04]} 39. Rxc3 {[%emt 0:00:56]} Rxf2 {[%emt 0:00:36]} 40. Rb2 {[%emt 0:00:00]} Rxb2 {[%emt 0:00:00]} 41. Nxb2 {[%emt 0:01:14]} Ra2 {[%emt 0:05:01]} 42. Rb3 {[%emt 0:10:27]} f5 {[%emt 0:00:31]} 43. Kc4 {[%emt 0:02:16]} Kf7 {[%emt 0:04:59]} 44. Kc5 {[%emt 0:00:52]} h5 {[%emt 0:00:43]} 45. Rb6 {[%emt 0:07:16]} Be4 {[%emt 0:04:34]} 46. Rb5 {[%emt 0:01:14]} Ke6 {[%emt 0:01:38]} 47. Rb6+ {[%emt 0:05:25]} Kd7 {[%emt 0:01:18]} 48. d5 {[%emt 0:03:04]} Ra5+ {[%emt 0:01:45]} 49. Rb5 {[%emt 0:00:02]} Rxb5+ {[%emt 0:00:17]} 50. Kxb5 {[%emt 0:00:02]} Bxd5 {[%emt 0:00:01]} 51. Kc5 {[%emt 0:00:28]} Bf7 {[%emt 0:00:26]} 52. Nd3 {[%emt 0:00:36]} Ke6 {[%emt 0:00:06]} 53. Kd4 {[%emt 0:00:10]} Kf6 {[%emt 0:00:10]} 54. Nf4 {[%emt 0:00:27]} Kg5 {[%emt 0:06:41]} 55. Ke5 {[%emt 0:00:10]} Ba2 {[%emt 0:00:34]} 56. Ng2 {[%emt 0:01:54]} Bb1 {[%emt 0:00:26]} 57. Nh4 {[%emt 0:00:33]} Bc2 {[%emt 0:00:36]} 58. Ke6 {[%emt 0:00:21]} Bb3+ {[%emt 0:00:27]} 59. Ke7 {[%emt 0:01:36]} Bd5 {[%emt 0:00:14]} 60. Kd6 {[%emt 0:00:25]} Ba2 {[%emt 0:02:03]} 61. Ke7 {[%emt 0:01:43]} Bd5 {[%emt 0:00:15]} 62. Kd6 {[%emt 0:00:04]} Ba2 {[%emt 0:00:06]} 63. Ng2 {[%emt 0:00:03]} Bb3 {[%emt 0:00:52]} 64. Ke5 {[%emt 0:01:55]} Ba2 {[%emt 0:02:49]} 65. Nf4 {[%emt 0:01:06]} Bb3 {[%emt 0:00:40]} 66. Ne2 {[%emt 0:00:12]} Bc2 {[%emt 0:04:59]} 67. Nd4 {[%emt 0:00:05]} Be4 {[%emt 0:00:12]} 68. Ke6 {[%emt 0:00:21]} Bd3 {[%emt 0:01:20]} 69. Kf7 {[%emt 0:00:20]} Bc4+ {[%emt 0:04:50]} 70. Kg7 {[%emt 0:00:12]} Bd5 {[%emt 0:01:11]} 71. Ne2 {[%emt 0:00:15]} h4 {[%emt 0:01:14]} 72. Nf4 {[%emt 0:00:10]} hxg3 {[%emt 0:00:18]} 73. hxg3 {[%emt 0:00:03]} Bc4 {[%emt 0:00:12]} 74. Ng6 {[%emt 0:00:19]} f4 {[%emt 0:06:11]} 75. exf4+ {[%emt 0:00:30]} Kf5 {[%emt 0:00:10]} 76. Kh6 {[%emt 0:01:30]} Ke4 {[%emt 0:02:51]} 77. Ne5 {[%emt 0:01:20]} Be6 {[%emt 0:02:26]} 78. Kg5 {[%emt 0:00:08]} Bc8 {[%emt 0:00:06]} 79. Kh4 {[%emt 0:00:16]} 1-0

[Event "World Senior chT-65 2019"]
[Site "Rhodes"]
[Date "2019.04.19"]
[Round "4.10"]
[White "Povah, Nigel E"]
[Black "Uddenfeldt, Dan"]
[Result "0-1"]
[WhiteElo "2319"]
[BlackElo "2339"]
[PlyCount "48"]
[EventDate "2019.04.16"]
[EventType "team-tourn"]
[EventCountry "GRE"]

{[%evp 16,48,3,6,2,-9,-9,-74,-70,-114,-107,-216,-217,-204,-262,-220,-259,-247,-247,-270,-235,-268,-275,-472,-467,-450,-447,-429,-438,-1014,-997,-971,-960,-2398,-2326]} 1. d4 Nf6 2. Bf4 e6 3. e3 b6 4. Nf3 Bb7 5. Nbd2 Be7 6. h3 O-O 7. Bd3 d5 8. Ne5 c5 9. c3 Nc6 {D02: 1 d4 d5 2 Nf3 sidelines, including 2...Nf6 3 g3 and 2...Nf6 3 Bf4} (9... Ne4 10. Qc2 f6 11. Nef3 f5 12. Ne5 Nc6 13. Ndf3 c4 14. Be2 b5 15. O-O a5 16. Nxc6 Bxc6 17. Ne5 {½-½ (36) Kamsky,G (2706)-Almasi,Z (2690) Tromsoe 2014}) 10. Qb1 Bd6 11. g4 (11. O-O $11) 11... cxd4 $146 {Black is better.} ({Predecessor:} 11... g6 12. Rg1 Bxe5 13. dxe5 Nd7 14. Bh6 Re8 15. Bf4 Ndxe5 16. Bb5 Nd7 {0-1 (30) Nestorovic,N (2513)-Zarkovic,M (2189) Novi Sad 2016}) 12. exd4 Qc7 {[%cal Rc6e5]} 13. g5 (13. Ndf3 $17) 13... Nxe5 $19 14. dxe5 Bxe5 15. gxf6 Bxf4 16. Bxh7+ Kh8 17. fxg7+ Kxg7 18. Rg1+ Kh8 {...f5 is the strong threat.} 19. Nf3 $2 (19. Bd3 {is a better defense.} Rg8 20. Rg4) 19... f5 {Black is clearly winning.} 20. Bg6 {[#]} d4 $1 {[%mdl 512]} 21. Nxd4 (21. cxd4 Bxf3) 21... Qe5+ 22. Ne2 (22. Kd1 $142 Be4 23. Re1) 22... Be4 23. Qd1 Rad8 {( -> ...Bf3!)} 24. Qa4 Bf3 {Accuracy: White = 23%, Black = 100%.} 0-1